Statistics for Canadian Provincial and Territorial Name Etymologies

Click here to take the quiz!

General Stats

  • This quiz has been taken 50 times
  • The average score is 6 of 13

Answer Stats

Province/TerritoryOriginal Language% Correct
British ColumbiaEnglish
96%
New BrunswickEnglish/German
89%
AlbertaEnglish
87%
Northwest TerritoriesEnglish
87%
Prince Edward IslandEnglish
78%
Nova ScotiaLatin
74%
ManitobaCree/Ojibwe/Assiniboine
35%
SaskatchewanCree
28%
QuebecAlgonquin
20%
Newfoundland and LabradorPortuguese
20%
NunavutInuktitut
17%
YukonGwich'in
2%
OntarioWyandot/Skanadario
2%

Score Distribution

Percentile by Number Answered

Percent of People with Each Score

Your Score History

You have not taken this quiz